header

Economic behaviour as if others too had interests (Record no. 207571)

MARC details
000 -LEADER
fixed length control field 01188nam a2200301Ia 4500
100 1# - MAIN ENTRY--AUTHOR NAME
Personal name Tangonyire, Raymond Chegedua.
245 10 - TITLE STATEMENT
Title Economic behaviour as if others too had interests
260 ## - PUBLICATION, DISTRIBUTION, ETC. (IMPRINT)
Place of publication Bamenda, Cameroon :
Name of publisher Langaa RPCIG,
Year of publication c2012.
300 ## - PHYSICAL DESCRIPTION
Number of Pages xii, 222 p.
650 #0 - SUBJECT ADDED ENTRY--TOPICAL TERM
Topical Term Egoism.
Topical Term Self-interest.
700 1# - ADDED ENTRY--PERSONAL NAME
Personal name Achal, Lawrence Kyaligonza.
856 40 - ELECTRONIC LOCATION AND ACCESS
Uniform Resource Identifier http://site.ebrary.com/lib/rucke/Doc?id=10608754

No items available.

© 2026 Rongo University
Contact us: librarian | system librarian | Rongo university